| 000 | 00711cam a22002292 4500 | ||
|---|---|---|---|
| 001 | 0000019289 | ||
| 005 | 20151217152151.0 | ||
| 008 | 101023s xx 000 0 eng d | ||
| 020 | _a0136088554 : | ||
| 040 |
_aKABU _cKABU |
||
| 100 | 1 |
_aBailey, Edward P. _@0000157496 |
|
| 245 | 1 | 0 |
_aWriting and speaking at work : _ba practical guide to business communication. |
| 250 | _a5th ed. | ||
| 260 |
_aBoston : _bPrentice Hall, _c2011. |
||
| 300 | _axix, 215 p. | ||
| 650 | 0 |
_aBusiness communication. _@0000148326 |
|
| 650 | 0 |
_aBusiness writing. _@0000132676 |
|
| 650 | 0 |
_aPuplic speaking. _@0000157497 |
|
| 852 | 1 | _9p6758.70 KES | |
| 908 | _a101023 | ||
| 950 | _@1 | ||
| 999 |
_c8920 _d8920 |
||